[Event "PEON_REY"]
[Site "http://www.queenalice.com/game.php?id=1620050"]
[Date "2020.7.12"]
[Round "-"]
[White "aledibattista"]
[Black "bobrich18"]
[Result "0-1"]
[WhiteElo "2231"]
[BlackElo "2408"]

1. e4 e5 2. Nf3 Nc6 3. Bb5 a6 4. Bxc6 dxc6 5. O-O Bg4 6. d3 Qf6 7. Nbd2 Ne7 8.
h3 h5 9. Nc4 Bxf3 10. Qxf3 Qxf3 11. gxf3 Ng6 12. Kg2 O-O-O 13. Be3 Be7 14. Rh1
Kb8 15. Kf1 Rhg8 16. Ke2 Bf6 17. Rag1 Nf8 18. b3 Ne6 19. a4 c5 20. Rd1 g5 21.
Rdg1 Rde8 22. Rg2 Nd4+ 23. Bxd4 cxd4 24. Rhg1 Rh8 25. Rh1 Bd8 26. Rhg1 Re6 27.
Kd1 Be7 28. a5 b5 29. axb6 cxb6 30. h4 gxh4 31. Rg8+ Rxg8 32. Rxg8+ Kc7 33. Rh8
b5 34. Nd2 a5 35. Rxh5 a4 36. bxa4 bxa4 37. Nc4 a3 38. Nxa3 Bxa3 39. Rxh4 Rf6
40. Rh5 Kd6 41. Ke2 Bc1 42. Rh1 Bf4 43. Ra1 Kc5 44. Ra3 Rb6 45. c4 Rb2+ 46. Ke1
Rb1+ 47. Ke2 Kb4 48. Ra7 Rb2+ 49. Kf1 Rd2 50. Rb7+ Kc3 51. c5 Kxd3 52. Rxf7 Rd1+
53. Kg2 Rc1 54. Rc7 Ke2 0-1

[Event "PEON_DAMA"]
[Site "http://www.queenalice.com/game.php?id=1620401"]
[Date "2020.7.15"]
[Round "-"]
[White "aledibattista"]
[Black "bobrich18"]
[Result "0-1"]
[WhiteElo "2238"]
[BlackElo "2403"]

1. d4 Nf6 2. Nf3 e6 3. c4 b6 4. a3 Bb7 5. Nc3 d5 6. cxd5 exd5 7. Bf4 Bd6 8. Bxd6
Qxd6 9. e3 O-O 10. Bd3 c5 11. O-O c4 12. Bc2 Nc6 13. b3 cxb3 14. Bxb3 Ba6 15.
Re1 Na5 16. Ne5 Rac8 17. Na4 Ne4 18. Bc2 f6 19. Nd3 Bxd3 20. Qxd3 f5 21. f3 Ng5
22. Nb2 Qg6 23. Kh1 Rf6 24. Re2 Qh5 25. Kg1 Rh6 26. Qxf5 Qxh2+ 27. Kf1 Qh1+ 28.
Kf2 Qh4+ 29. Kg1 Rf8 30. Qxd5+ Kh8 31. Rf1 Qh2+ 32. Kf2 Nxf3 33. Bf5 g6 34. e4
Nh4 35. Ke1 gxf5 36. exf5 Rhf6 37. Nd3 Qg3+ 38. Kd2 Nxf5 39. Rf3 Qc7 40. Ne5 Rd8
41. Qa2 Nxd4 42. Nf7+ Rxf7 43. Rxf7 Nf5+ 44. Ke1 Qg3+ 45. Rf2 Qe3+ 46. Qe2 Qc1+
47. Qd1 Qxd1# 0-1

[Event "Apertura"]
[Site "http://www.queenalice.com/game.php?id=1621402"]
[Date "2020.7.24"]
[Round "-"]
[White "aledibattista"]
[Black "bobrich18"]
[Result "0-1"]
[WhiteElo "2217"]
[BlackElo "2416"]

1. e4 e5 2. Nf3 Nf6 3. Nxe5 d6 4. Nf3 Nxe4 5. Nc3 Nxc3 6. dxc3 Be7 7. Bc4 Nc6 8.
O-O Be6 9. Qe2 Bxc4 10. Qxc4 O-O 11. Bf4 Qd7 12. Rad1 Qf5 13. Rd2 Bf6 14. Bg3
Rae8 15. Nd4 Nxd4 16. cxd4 Re7 17. h3 Rfe8 18. c3 Bg5 19. Rdd1 a6 20. Qb3 Qb5
21. Qxb5 axb5 22. f4 Bf6 23. Rfe1 b4 24. Kf1 bxc3 25. bxc3 Ra8 26. Rxe7 Bxe7 27.
Rb1 b6 28. Rb2 f5 29. Bf2 h5 30. Ke2 d5 31. Kd2 Kf7 32. Kc2 Ba3 33. Rb3 Bd6 34.
Be3 Rxa2+ 35. Rb2 Rxb2+ 36. Kxb2 Ke6 37. Kc2 c5 38. Kd3 c4+ 39. Kc2 Kd7 40. Bd2
Kc6 41. Kb2 Kb5 42. Be3 Ka4 43. Bd2 b5 44. Kc2 b4 45. cxb4 Bxb4 46. Be3 Be1 47.
Kd1 Ba5 48. Kc2 c3 49. Bc1 Kb4 50. Kd3 Kb3 51. Be3 Kb2 0-1

[Event "Defensa"]
[Site "http://www.queenalice.com/game.php?id=1622732"]
[Date "2020.8.4"]
[Round "-"]
[White "aledibattista"]
[Black "bobrich18"]
[Result "0-1"]
[WhiteElo "2223"]
[BlackElo "2412"]

1. e4 e5 2. Nf3 Nc6 3. Bb5 Qf6 4. Nc3 Nge7 5. d3 Nd4 6. Nxd4 exd4 7. Ne2 c6 8.
Ba4 d5 9. O-O Bd7 10. Re1 a5 11. a3 b5 12. Bb3 a4 13. Ba2 Nc8 14. exd5 Be7 15.
dxc6 Bxc6 16. Bf4 O-O 17. Qd2 Nd6 18. Nxd4 Qxd4 19. Rxe7 Nf5 20. c3 Qf6 21. Rc7
Qg6 22. Rxc6 Qxc6 23. Re1 Nh4 24. Re4 Rae8 25. f3 Nf5 26. Qe2 Nd6 27. Bxd6 Rxe4
28. dxe4 Qxd6 29. Qxb5 Rb8 30. Qxa4 Qb6+ 31. Qd4 Qxb2 32. Qc4 Qc1+ 33. Kf2 Rb2+
34. Kg3 Qg5+ 35. Kh3 Qxg2+ 36. Kh4 Qxh2+ 37. Kg4 Rg2+ 38. Kf5 Qh5+ 39. Kf4 Qg5#
0-1

[Event "Defensa"]
[Site "http://www.queenalice.com/game.php?id=1627049"]
[Date "2020.9.15"]
[Round "-"]
[White "bobrich18"]
[Black "aledibattista"]
[Result "1-0"]
[WhiteElo "2420"]
[BlackElo "2210"]

1. e4 e6 2. d4 d5 3. e5 c5 4. c3 cxd4 5. cxd4 Ne7 6. Bd3 Nbc6 7. Nf3 Qb6 8. O-O
Bd7 9. Nc3 Ng6 10. Na4 Qc7 11. Be3 Be7 12. Rc1 Rc8 13. Nc5 Bxc5 14. Rxc5 Qb8 15.
Ng5 Nce7 16. Rxc8+ Qxc8 17. Qf3 Rf8 18. Nxh7 Rh8 19. Ng5 Rf8 20. Bd2 Bc6 21. Bb4
Nh8 22. Qh3 Kd7 23. f4 Re8 24. f5 Nxf5 25. Rxf5 1-0

[Event "HAPPY DAY"]
[Site "http://www.queenalice.com/game.php?id=1627560"]
[Date "2020.9.20"]
[Round "-"]
[White "bobrich18"]
[Black "aledibattista"]
[Result "1-0"]
[WhiteElo "2424"]
[BlackElo "2213"]

1. Nf3 c5 2. e4 d6 3. d4 cxd4 4. Nxd4 Nf6 5. Nc3 a6 6. Be3 e6 7. f3 Be7 8. Qd2
Qc7 9. O-O-O Nbd7 10. g4 Ne5 11. g5 Nfd7 12. f4 Nc4 13. Bxc4 Qxc4 14. f5 Ne5 15.
Kb1 Bd7 16. Rhf1 O-O-O 17. Nb3 Qc7 18. h4 Nc4 19. Qd4 Nxe3 20. Qxe3 Kb8 21. fxe6
Bxe6 22. Nd5 Bxd5 23. exd5 Rc8 24. Nd4 f6 25. c3 Rhe8 26. Ne6 Bd8 27. Qd3 Rxe6
28. dxe6 fxg5 29. Rf7 Be7 30. hxg5 h6 31. gxh6 gxh6 32. Qh7 Re8 33. Rg1 Qc5 34.
Rg8 Ka7 35. Rxe8 Qg1+ 36. Kc2 Qg2+ 37. Kb3 Qd5+ 38. c4 1-0

[Event "Good Game."]
[Site "http://www.queenalice.com/game.php?id=1627926"]
[Date "2020.9.24"]
[Round "-"]
[White "bobrich18"]
[Black "aledibattista"]
[Result "1-0"]
[WhiteElo "2428"]
[BlackElo "2206"]

1. c4 Nf6 2. d4 e6 3. Nc3 Bb4 4. e3 c5 5. Ne2 O-O 6. a3 Bxc3+ 7. Nxc3 cxd4 8.
exd4 d5 9. c5 a6 10. Bg5 Bd7 11. Qf3 Bc6 12. Bxf6 Qxf6 13. Qxf6 gxf6 14. b4 Nd7
15. Be2 f5 16. O-O Nf6 17. f3 Kh8 18. a4 Bd7 19. b5 axb5 20. axb5 Rfc8 21. Na4
Rcb8 22. Nb6 Rxa1 23. Rxa1 Be8 24. Ra8 Rxa8 25. Nxa8 Kg7 26. Nb6 Nd7 27. Nc8 Kf8
28. Nd6 Ke7 29. Nxb7 Nb8 30. Kf2 Kd7 31. Nd6 Ke7 32. Nxe8 Kxe8 33. b6 Kd7 34.
Bb5+ Kc8 35. c6 1-0

[Event "Buen_día"]
[Site "http://www.queenalice.com/game.php?id=1629533"]
[Date "2020.10.11"]
[Round "-"]
[White "bobrich18"]
[Black "aledibattista"]
[Result "1-0"]
[WhiteElo "2432"]
[BlackElo "2198"]

1. c4 Nf6 2. d4 e6 3. Nf3 b6 4. e3 Bb7 5. Nbd2 Be7 6. Bd3 d5 7. b3 O-O 8. O-O
Nbd7 9. Bb2 c5 10. Rc1 Rc8 11. Qe2 cxd4 12. exd4 Rc7 13. Rfd1 Qb8 14. Ne5 Rd8
15. f4 Nf8 16. Ndf3 h6 17. f5 dxc4 18. bxc4 Bxf3 19. Qxf3 Qa8 20. Qh3 Ne4 21.
fxe6 Nxe6 22. Bxe4 Qxe4 23. Re1 Qh4 24. Qxh4 Bxh4 25. g3 Bf6 26. d5 Nc5 27. Re2
Re7 28. Rce1 Bxe5 29. Bxe5 f6 30. Bd4 Rxe2 31. Rxe2 Kf8 32. Bxc5+ bxc5 33. Re6
Rc8 34. Kf2 Kf7 35. Kf3 h5 36. h3 g6 37. Ra6 Rc7 38. Re6 Rc8 39. Ra6 Rc7 40. h4
Rb7 41. Rc6 Rb2 42. Rxc5 Rxa2 43. Rc7+ Ke8 44. c5 Rd2 45. d6 a5 46. Ra7 g5 47.
Rxa5 gxh4 48. gxh4 Rd4 49. Ke3 Rd1 50. Ke4 Kd7 51. Ra7+ Kc6 52. Rc7+ Kb5 53. d7
Rd2 54. c6 Kb6 55. Rc8 1-0

[Event "Defensa"]
[Site "http://www.queenalice.com/game.php?id=1631515"]
[Date "2020.10.31"]
[Round "-"]
[White "bobrich18"]
[Black "aledibattista"]
[Result "1-0"]
[WhiteElo "2445"]
[BlackElo "2190"]

1. c4 c5 2. Nf3 Nf6 3. e3 e6 4. Nc3 Nc6 5. d4 d5 6. cxd5 exd5 7. Bb5 cxd4 8.
exd4 Be7 9. O-O O-O 10. Ne5 Nb8 11. Be3 Bf5 12. Bg5 a6 13. Ba4 Qd6 14. Re1 b5
15. Bc2 Bxc2 16. Qxc2 Nbd7 17. Qf5 Nb6 18. Bf4 Rfe8 19. Nxf7 Qd7 20. Qxd7 Nfxd7
21. Nd6 Bxd6 22. Bxd6 Nc4 23. Be7 Nxb2 24. Nxd5 Rac8 25. Ba3 Rxe1+ 26. Rxe1 Rc2
27. Re8+ Kf7 28. Re7+ Kg6 29. Ne3 Rc1+ 30. Nf1 Rb1 31. Bxb2 Rxb2 32. Rxd7 Rxa2
33. d5 b4 34. Rb7 a5 35. g3 Ra1 36. Kg2 Kf6 37. Ne3 Rb1 38. d6 a4 39. d7 Ke7 40.
Nf5+ Kd8 41. Nd4 Rc1 42. Ne6+ Ke7 43. d8=Q+ 1-0

[Event "Jaque"]
[Site "http://www.queenalice.com/game.php?id=1631747"]
[Date "2020.11.4"]
[Round "-"]
[White "aledibattista"]
[Black "bobrich18"]
[Result "1/2-1/2"]
[WhiteElo "2186"]
[BlackElo "2449"]

1. e4 e5 2. Nf3 Nc6 3. Bb5 a6 4. Bxc6 dxc6 5. d4 exd4 6. Qxd4 Qxd4 7. Nxd4 c5 8.
Ne2 Bd7 9. Be3 O-O-O 10. Nbc3 Nf6 11. f3 Bc6 12. Kf2 Bd6 13. Rhd1 Nd7 14. Nd5
Bxd5 15. Rxd5 Nb6 16. Rd3 Be5 17. Bxc5 Na4 18. Bd4 Bxd4+ 19. Rxd4 Nxb2 20. Rb1
Rxd4 21. Nxd4 Rd8 22. Rxb2 Rxd4 23. Ke2 b5 24. c3 Ra4 25. Kd3 c5 26. Kc2 Ra3 27.
Kd3 Kd7 28. Rc2 a5 29. f4 Kd6 30. g3 b4 31. Kc4 Kc6 32. e5 Rxc3+ 33. Rxc3 bxc3
34. Kxc3 Kd5 35. Kd3 c4+ 36. Kc3 g6 37. a4 h5 38. h3 Kc5 39. g4 hxg4 40. hxg4
Kd5 41. f5 gxf5 42. gxf5 Kxe5 43. Kxc4 Kxf5 44. Kb5 Kg4 45. Kxa5 f5 46. Kb6 f4
47. a5 f3 48. a6 f2 49. a7 1/2-1/2

[Event "Apertura"]
[Site "http://www.queenalice.com/game.php?id=1637434"]
[Date "2020.12.24"]
[Round "-"]
[White "aledibattista"]
[Black "bobrich18"]
[Result "0-1"]
[WhiteElo "2186"]
[BlackElo "2441"]

1. b3 d6 2. d4 Nf6 3. Nf3 Bg4 4. Bb2 Nbd7 5. Nbd2 d5 6. e3 e6 7. Be2 Bd6 8. O-O
c6 9. Ne5 Bxe2 10. Qxe2 O-O 11. f4 Qc7 12. Kh1 Be7 13. g4 c5 14. g5 Ne8 15. Nxd7
Qxd7 16. Qh5 Qc6 17. Rf3 cxd4 18. Rh3 Qxc2 19. e4 h6 20. gxh6 g6 21. h7+ Kh8 22.
Bxd4+ Bf6 23. Bxf6+ Nxf6 24. Qe5 Kg7 25. Qd4 Rad8 26. e5 Nxh7 27. Rg1 Qf5 28.
Rh4 Rc8 29. Nf1 Rc1 30. Ng3 Qb1 31. Rxc1 Qxc1+ 32. Kg2 Qc2+ 33. Kh3 Qxa2 34. Qb4
Rh8 35. Qe7 Qxb3 36. Kg2 Qc2+ 37. Kf3 Qc6 38. Kg4 a5 39. Ne2 b5 40. Nd4 Qb6 41.
Rh3 b4 42. Kg3 Rc8 43. f5 exf5 44. e6 Qc7+ 45. Qxc7 Rxc7 46. Kf2 Ng5 47. Re3 Re7
48. Re5 fxe6 49. Nc6 Ne4+ 50. Rxe4 dxe4 51. Nxe7 b3 0-1

[Event "AUTO-OPEN-4036"]
[Site "http://www.queenalice.com/game.php?id=1639270"]
[Date "2021.1.8"]
[Round "2"]
[White "clovis"]
[Black "bobrich18"]
[Result "0-1"]
[WhiteElo "1970"]
[BlackElo "2444"]

1. e4 e5 2. Nf3 Nf6 3. Nc3 Bc5 4. Bc4 Nc6 5. O-O O-O 6. d3 h6 7. Be3 Bxe3 8.
fxe3 d6 9. Qe1 Na5 10. Nh4 Nxc4 11. dxc4 Be6 12. b3 Ng4 13. Nf5 Qg5 14. Nd5 Bxd5
15. cxd5 g6 16. h3 gxf5 17. Rxf5 Qxe3+ 18. Qxe3 Nxe3 19. Rf6 Kg7 20. Rf2 f5 21.
Rf3 Nxc2 22. Rc1 Nd4 23. Rxc7+ Rf7 24. Rg3+ Kf8 25. Rxf7+ Kxf7 26. exf5 Ne2+ 0-1

[Event "AUTO-OPEN-4036"]
[Site "http://www.queenalice.com/game.php?id=1639271"]
[Date "2021.1.8"]
[Round "2"]
[White "bobrich18"]
[Black "clovis"]
[Result "1-0"]
[WhiteElo "2448"]
[BlackElo "1989"]

1. f4 e5 2. fxe5 d6 3. exd6 Nc6 4. dxc7 Qxc7 5. Nf3 Bd6 6. e3 Bg4 7. Be2 Bxf3 8.
Bxf3 Bxh2 9. Bxc6+ bxc6 10. Qg4 Bg3+ 11. Ke2 Be5 12. d4 Nf6 13. Qf5 Bd6 14. e4
O-O 15. Bg5 Rfe8 16. Bxf6 gxf6 17. Qxh7+ Kf8 18. Rh6 Ke7 19. Qf5 Rab8 20. Qxf6+
Kd7 21. Nd2 Bf4 22. Qxf7+ Re7 23. Qf5+ 1-0

[Event "AUTO-OPEN-4036"]
[Site "http://www.queenalice.com/game.php?id=1639280"]
[Date "2021.1.8"]
[Round "2"]
[White "bobrich18"]
[Black "josebaron"]
[Result "0-1"]
[WhiteElo "2438"]
[BlackElo "2494"]

1. d4 d5 2. Nf3 c5 3. e3 Nf6 4. b3 Nc6 5. Bb2 e6 6. Bd3 cxd4 7. exd4 Bd6 8. O-O
O-O 9. Nbd2 b6 10. a3 Bb7 11. Ne5 Ne7 12. Qe2 Rc8 13. f4 h5 14. Ndf3 Nf5 15. Ng5
g6 16. Rae1 Ne4 17. Nxe4 dxe4 18. Bxe4 Bxe5 19. dxe5 Bxe4 20. Qxe4 b5 21. Rf3
Qa5 22. c3 Rfd8 23. Qe2 Qb6+ 24. Kh1 Qc6 25. Rd3 Rxd3 26. Qxd3 a5 27. Rd1 a4 28.
bxa4 bxa4 29. Qe2 Rb8 30. Rd2 h4 31. Kg1 h3 32. g3 Rb3 33. Qf2 Qe4 34. Qf1 Kg7
35. Re2 Qb7 36. Qc1 Nh6 37. c4 Ng4 38. f5 Rd3 39. Ba1 Qb3 0-1

[Event "AUTO-OPEN-4036"]
[Site "http://www.queenalice.com/game.php?id=1639281"]
[Date "2021.1.8"]
[Round "2"]
[White "josebaron"]
[Black "bobrich18"]
[Result "1-0"]
[WhiteElo "2489"]
[BlackElo "2445"]

1. e4 e5 2. Nf3 Nc6 3. Bc4 Nf6 4. d3 Bc5 5. Nc3 O-O 6. O-O h6 7. h3 d6 8. Na4
Bb6 9. Nxb6 axb6 10. a4 Qe7 11. b3 Na5 12. Bb5 c6 13. b4 cxb5 14. axb5 Bd7 15.
bxa5 Bxb5 16. Rb1 Bc6 17. axb6 Ra6 18. Nh4 d5 19. Nf5 Qe6 20. f4 exf4 21. Nd4
Qe7 22. e5 Qxe5 23. Nxc6 bxc6 24. d4 Qe4 25. b7 Nd7 26. Bxf4 Ra2 27. Rf2 Nb8 28.
Rb3 Ra7 29. Re3 Qg6 30. Rg3 Qh7 31. Qb1 g6 32. Bd6 Re8 33. Re3 1-0

[Event "AUTO-OPEN-4036"]
[Site "http://www.queenalice.com/game.php?id=1639282"]
[Date "2021.1.8"]
[Round "2"]
[White "bobrich18"]
[Black "Donidon"]
[Result "1-0"]
[WhiteElo "2431"]
[BlackElo "2375"]

1. d4 Nf6 2. Nf3 d5 3. e3 e6 4. Bd3 Bd6 5. O-O O-O 6. b3 c5 7. Bb2 Nc6 8. Nbd2
Re8 9. Ne5 cxd4 10. exd4 Qc7 11. Ndf3 Ne4 12. Re1 Nb4 13. Bxe4 dxe4 14. Ng5 f6
15. Qh5 g6 16. Nxg6 fxg5 17. Ne5 Bxe5 18. Qxe8+ Kg7 19. dxe5 h6 20. Rxe4 Nd5 21.
c4 Qe7 22. Qxe7+ Nxe7 23. h4 Bd7 24. hxg5 hxg5 25. Rg4 Kh6 26. Rd1 Bc6 27. Bc1
Rg8 28. Rd3 Kg7 29. Rxg5+ Ng6 30. f4 Kf7 31. Rd6 Re8 32. f5 Nxe5 33. Bb2 Kf6 34.
Rh5 Be4 35. fxe6 Bf5 36. g4 1-0

[Event "AUTO-OPEN-4036"]
[Site "http://www.queenalice.com/game.php?id=1639283"]
[Date "2021.1.8"]
[Round "2"]
[White "Donidon"]
[Black "bobrich18"]
[Result "1/2-1/2"]
[WhiteElo "2262"]
[BlackElo "2438"]

1. e4 e5 2. Nf3 Nc6 3. d4 exd4 4. Nxd4 Nge7 5. c4 d6 6. Nc3 Nxd4 7. Qxd4 Nc6 8.
Qd1 Be7 9. Be2 O-O 10. O-O Bf6 11. Nd5 Re8 12. Bd3 Be6 13. Qh5 Ne5 14. Qe2 Bxd5
15. exd5 Nxd3 16. Qxd3 c6 17. dxc6 bxc6 18. Rb1 d5 19. cxd5 Qxd5 20. Qxd5 cxd5
21. Rd1 Rad8 22. Kf1 d4 23. Rd3 Rc8 24. a4 Rc2 25. Bd2 h6 26. b4 Ra2 27. a5 a6
28. Rc1 Rb2 29. h3 g5 30. g3 Kg7 31. f4 gxf4 32. gxf4 Re6 33. Kf2 h5 34. Kf3 h4
35. Kf2 Re3 36. Rxe3 dxe3+ 37. Kxe3 Rb3+ 38. Ke4 Rxh3 39. Be3 Rh2 40. Kf5 Re2
41. Bc5 Re6 42. Rc2 Kh7 43. Kg4 Kg7 44. Rg2 Bd8 45. Kf5+ Kh6 46. Rg8 Bf6 47. Kg4
Kh7 48. Rb8 Re4 49. b5 Be5 50. Re8 Rxf4+ 51. Kh3 Bd4 52. Bxd4 Rxd4 53. b6 Rb4
54. Ra8 Kg6 55. Rxa6 Kg5 56. Ra7 Rb3+ 57. Kh2 Rb2+ 58. Kh3 Rb3+ 59. Kh2 Rb2+ 60.
Kh3 Rb3+ 1/2-1/2

[Event "Sorpresa_"]
[Site "http://www.queenalice.com/game.php?id=1640475"]
[Date "2021.1.19"]
[Round "-"]
[White "bobrich18"]
[Black "aledibattista"]
[Result "1-0"]
[WhiteElo "2434"]
[BlackElo "2191"]

1. f4 e5 2. fxe5 d6 3. exd6 Bxd6 4. Nf3 Bg4 5. e4 Qf6 6. Be2 Bxf3 7. Bxf3 Nc6 8.
c3 O-O-O 9. O-O Kb8 10. d4 Nge7 11. Qb3 Bf4 12. e5 Qh6 13. Bxf4 Qxf4 14. Bxc6
Qe3+ 15. Kh1 Nxc6 16. Qxf7 Rde8 17. Na3 Nd8 18. Qf2 Qh6 19. Nc4 Ne6 20. d5 Rhf8
21. Qe1 Nf4 22. Rd1 Qg5 23. Qd2 Qg4 24. e6 Nxe6 25. Ne5 Rxf1+ 26. Rxf1 Qg5 27.
Qe2 Qe7 28. dxe6 Qxe6 29. Re1 Kc8 30. Qe3 Qxa2 31. Qh3+ Qe6 32. Qxe6+ Rxe6 33.
Nf3 Rb6 34. b4 Kd8 35. Ng5 Rc6 36. Ne6+ Kd7 37. Nc5+ 1-0

[Event "WorldCup Chess"]
[Site "http://www.queenalice.com/game.php?id=1758226"]
[Date "2021.5.1"]
[Round "3"]
[White "Alsina"]
[Black "bobrich18"]
[Result "0-1"]
[WhiteElo "2526"]
[BlackElo "2431"]

1. d4 Nf6 2. Bf4 e6 3. Nf3 d5 4. e3 Bd6 5. Bd3 O-O 6. Nbd2 b6 7. Bxd6 cxd6 8.
O-O Bb7 9. c3 Nbd7 10. Ne1 e5 11. Nc2 Qe7 12. a4 a5 13. Bb5 Rfc8 14. f4 Bc6 15.
Na3 Rc7 16. Bxc6 Rxc6 17. Re1 Re8 18. Nb5 Rcc8 19. Rc1 Qe6 20. b3 exf4 21. exf4
Ne4 22. c4 f5 23. cxd5 Qxd5 24. Nc4 g6 25. Qf3 Qb7 26. Nbxd6 Nxd6 27. Rxe8+ Rxe8
0-1

[Event "Kasker 4"]
[Site "http://www.queenalice.com/game.php?id=1760110"]
[Date "2021.5.21"]
[Round "5"]
[White "breizatao"]
[Black "bobrich18"]
[Result "1-0"]
[WhiteElo "2549"]
[BlackElo "2437"]

1. b4 e5 2. a3 d5 3. Bb2 Bd6 4. e3 Nf6 5. c4 c6 6. cxd5 cxd5 7. Nf3 Qe7 8. Be2
O-O 9. O-O Nc6 10. d3 e4 11. dxe4 dxe4 12. Nd4 Qe5 13. g3 Bh3 14. Re1 Rae8 15.
Nd2 Nxd4 16. Bxd4 Qf5 17. Bxf6 Qxf6 18. Nc4 Rd8 19. Nxd6 Rxd6 20. Qc2 Qe6 21.
Red1 Rc6 22. Qd2 Qf5 23. Rac1 Rf6 24. Qe1 b6 25. Rd4 Rh6 26. Rc7 a5 27. bxa5
bxa5 28. Ra7 Bg2 29. Rxa5 Qh3 30. Rh5 Rxh5 31. Bxh5 Qxh5 32. Kxg2 Qf3+ 33. Kg1
h5 34. Qd2 Qf6 35. Qc2 Qe7 36. a4 f5 37. h4 Rf6 38. Qd1 Qf7 39. Rd6 Rxd6 40.
Qxd6 Qa2 41. Qd7 g6 42. Qd8+ Kf7 43. a5 Qe2 44. Qd7+ Kg8 45. Qd6 Kg7 46. Qe7+
Kg8 47. Qf6 Kh7 48. Qf7+ 1-0

[Event "Defensa__"]
[Site "http://www.queenalice.com/game.php?id=1766451"]
[Date "2021.8.8"]
[Round "-"]
[White "bobrich18"]
[Black "aledibattista"]
[Result "1-0"]
[WhiteElo "2444"]
[BlackElo "2180"]

1. e4 Nc6 2. d4 d5 3. e5 f6 4. f4 e6 5. Nf3 Nh6 6. Bd3 Be7 7. O-O O-O 8. c3 Bd7
9. exf6 Bxf6 10. Qc2 g6 11. Nbd2 Nf5 12. Nb3 b6 13. Bxf5 exf5 14. Ne5 Nxe5 15.
fxe5 Bg7 16. Qe2 Re8 17. Qf3 Be6 18. Qg3 a5 19. Bg5 Qd7 20. Qh4 a4 21. Nd2 c5
22. Nf3 cxd4 23. cxd4 1-0

[Event "Challenge"]
[Site "http://www.queenalice.com/game.php?id=1806096"]
[Date "2023.2.14"]
[Round "-"]
[White "bobrich18"]
[Black "erminius"]
[Result "0-1"]
[WhiteElo "2441"]
[BlackElo "2438"]

1. Nf3 e6 2. d4 Nf6 3. e3 b6 4. Bd3 Bb7 5. Nbd2 c5 6. O-O Nc6 7. a3 Be7 8. b3 d5
9. Bb2 O-O 10. Ne5 Qc7 11. Rc1 a5 12. f4 a4 13. dxc5 bxc5 14. Ng4 Nxg4 15. Qxg4
g6 16. Qh3 d4 17. Nf3 axb3 18. exd4 Qxf4 19. Ne5 Qg5 20. Nd7 Nxd4 21. Nxf8 Rxf8
22. cxb3 Nxb3 0-1